Arbitration of international business disputes: studies in Law and practice

Salvato in:
Dettagli Bibliografici
Autore principale: Park, William W. (Autore)
Natura: Libro
Lingua:inglese
Pubblicazione: Oxford Oxford University Press 2012
Edizione:2a. ed
Soggetti:
Tags: Aggiungi Tag
Nessun Tag, puoi essere il primo ad aggiungerne!!

MARC

LEADER 00000cam a2200000 a 4500
001 UCF9288
003 CL-VaPUC
008 131111e20120000uk |||||||||||||||||eng|d
020 |a 9780199657131 
082 0 4 |a 341.522  |b PAR  |2 21 
100 |a Park, William W.  |e author  |9 571580 
245 1 0 |a Arbitration of international business disputes: studies in Law and practice 
250 |a 2a. ed 
300 |a 793 p 
942 |c BK 
945 |d 20131111 15:03:00  |a dcastane 
260 |a Oxford  |b Oxford University Press  |c 2012 
650 0 |a Arbitraje internacional  |9 367460 
650 0 |a Derecho internacional  |9 255637 
650 0 |a Derecho civil  |9 255013 
650 0 |a Jurisprudencia  |9 255952 
650 7 |a LITIGIOS  |2 CL-VaPUC  |9 381391 
583 |a last modification  |c 20131111 15:03:00  |k Rodrigo Vera 
999 |c 353761  |d 353759 
952 |0 0  |1 0  |3 erd  |4 0  |6 341_522000000000000_PAR_2012  |7 0  |8 A  |9 459140  |a BIBDER  |b BIBDER  |d 2019-11-23  |i 5025729  |l 3  |m 4  |o 341.522 PAR 2012  |p 5025729  |q 2025-12-31  |r 2023-04-18  |s 2023-04-18  |w 2019-11-23  |y BK  |z Catalogado en:20131111  |k DER